Načítá se...

401 questions every enterpreneur should ask

Podrobná bibliografie
Hlavní autor: Silvester, James L.
Médium: Printed Book
Jazyk:English
Vydáno: New Delhi Jaico 2008
Témata:
LEADER 00554nam a22001697a 4500
005 20151215124908.0
008 090915t xxu||||| |||| 00| 0 eng d
082 |a 658.401 2  |b SIL 
100 |a Silvester, James L.  |9 1795 
245 |a 401 questions every enterpreneur should ask 
300 |a 256p. 
653 |a Strategic management 
942 |c BK  |6 _ 
260 |a New Delhi  |b Jaico  |c 2008 
020 |a 9788179927984 
999 |c 93751  |d 93751 
952 |0 0  |1 0  |2 ddc  |4 0  |6 658401_2SIL  |7 0  |9 117912  |a SMS  |b SMS  |c GEN  |d 2009-09-15  |o 658.401 2 SIL  |p SMS023423  |r 2009-09-15  |w 2009-09-15  |y BK